Chun qiu jing zhuan ji jie : 30 juan /

Saved in:
书目详细资料
主要作者: Confucius.
其他作者: Du, Yu, 222-284., Takezoe, Kōkō, 1841 or 1842-1917., Zuoqiu, Ming.
格式: 图书
语言:Chinese
出版: [n.p.] : Jing jing shu wu, Ming zhi yi wei [1895]
主题:
标签: 添加标签
没有标签, 成为第一个标记此记录!
LEADER 01459cam a2200349ui 4500
001 007721514-1
005 20024617112705.0
008 980226s1895 xx h 000 0 chi d
035 0 |a ocm38518390 
040 |a *YNH*  |c *YNH*  |d CStRLIN 
100 0 |a Confucius. 
245 1 0 |6 880-01  |a Chun qiu jing zhuan ji jie :  |b 30 juan /  |c Du Yu zhu ; Zhutian Guanghong [Jinyilang] hui qian. 
246 1 |6 880-02  |i Cover title on label:  |a Zuo shi hui jian 
260 |6 880-03  |a [n.p.] :  |b Jing jing shu wu,  |c Ming zhi yi wei [1895] 
300 |a 16 v. (double leaves) :  |b facsim. ;  |c 27 cm. 
500 |6 880-04  |a Jing jing shu wu chong jiao zai yin. 
500 |6 880-05  |a At head of title: Jiu chao juan zi jin ze wen ku ben. 
600 0 0 |6 880-06  |a Confucius.  |t Chun qiu. 
700 1 |6 880-08  |a Du, Yu,  |d 222-284. 
700 1 |6 880-09  |a Takezoe, Kōkō,  |d 1841 or 1842-1917. 
700 1 |6 880-07  |a Zuoqiu, Ming.  |t Zuo zhuan. 
880 1 0 |6 245-01  |a 春秋經傳集解 :  |b 30卷 /  |c 杜預注 ; 竹添光鴻[進一郎]會箋. 
880 1 |6 246-02  |i Cover title on label:  |a 左氏會箋 
880 |6 260-03  |a [n.p.] :  |b 井井書屋,  |c 明治乙未 [1895] 
880 |6 500-04  |a 井井書屋重校再印. 
880 |6 500-05  |a At head of title: 舊鈔卷子金澤文庫夲. 
880 0 0 |6 600-06  |a Confucius.  |t 春秋. 
880 1 |6 700-08  |a 杜預,  |d 222-284. 
880 1 |6 700-09  |a 竹添光鴻,  |d 1841 or 1842-1917. 
880 1 |6 700-07  |a 左丘明.  |t 左傳. 
988 |a 20021121 
906 |0 MH